000 00495 a2200169 4500
999 _c4816
_d4816
020 _a1779003404
050 0 0 _aPR9390.9 DIK 2000
100 1 _aDiki, Basil,
_d1971-
_eauthor
245 1 4 _aThe tribe of graves /
_cBasil Diki.
264 _aHarare:
_bCollege Press,
_c2000
300 _a180 p. ;
500 _aA play
650 _aChristianity -- Africa -- Zimbabwe -- Drama.
_xChristianity.
651 _aZimbabwe
942 _2lcc
_cBK
_h9390.9
_iDIK
_kPR